MARC

LEADER 00000nam0a2200000 4500
001 77736
005 20231031093310.0
035 |a (RuTPU)RU\TPU\book\83338 
090 |a 77736 
100 |a 20050526d1983 km y0rusy50 ca 
101 0 |a rus 
102 |a RU 
105 |a a g 001zy 
200 1 |a Справочник по средствам автоматики  |f Под ред. В. Э. Низэ; И. В. Антика 
210 |a Москва  |c Энергоатомиздат  |d 1983 
215 |a 504 с.  |c ил. 
320 |a Библиография в конце разделов. 
320 |a Предметный указатель: с. 495-500 
610 1 |a автоматические устройства 
610 1 |a автоматизация 
610 1 |a измерительные преобразователи 
610 1 |a электронные элементы 
610 1 |a полупроводниковые преобразователи 
610 1 |a аналоговые сигналы 
610 1 |a цифровые сигналы 
610 1 |a магнитные элементы 
610 1 |a электромашинные элементы 
610 1 |a пневматические устройства 
610 1 |a регистрирующие устройства 
610 1 |a справочники 
675 |a 681.51(035)  |v 3 
702 1 |a Низэ  |b В. Э.  |4 340 
702 1 |a Антика  |b И. В.  |4 340 
801 1 |a RU  |b 63413507  |c 20050526  |g PSBO 
801 2 |a RU  |b 63413507  |c 20160118  |g PSBO 
942 |c BK